000 00575nam a2200181Ia 4500
008 100921s9999 xx 000 0 und d
082 _b10304
_a920-2 0
100 _a---
245 _aम. ज्योतिबा फुले.
260 _b---
_c0
300 _a38
_b---
365 _b0.4
520 _aचरित्र व कार्य-म.फुले.
630 _aम. ज्योतिबा फुले.
650 _aचरित्र व कार्य-म.फुले.
730 _aम. ज्योतिबा फुले.
942 _cBOOK
999 _c759417
_d759414